The location of economic activity / (Record no. 4018)

MARC details
000 -LEADER
fixed length control field 00495nam a2200181 4500
003 - CONTROL NUMBER IDENTIFIER
control field OSt
005 - DATE AND TIME OF LATEST TRANSACTION
control field 20160513151347.0
008 - FIXED-LENGTH DATA ELEMENTS--GENERAL INFORMATION
fixed length control field 160513b xxu||||| |||| 00| 0 eng d
040 ## - CATALOGING SOURCE
Transcribing agency 040a
082 ## - DEWEY DECIMAL CLASSIFICATION NUMBER
Classification number 330
Item number HOO 1948
100 ## - MAIN ENTRY--PERSONAL NAME
Personal name Hoover, Edgar M
9 (RLIN) 8768
245 ## - TITLE STATEMENT
Title The location of economic activity /
Statement of responsibility, etc. Edgar M. Hoover
260 ## - PUBLICATION, DISTRIBUTION, ETC. (IMPRINT)
Place of publication, distribution, etc. New York
Name of publisher, distributor, etc. Mc-Graw Hill book company
Date of publication, distribution, etc. 1948
300 ## - PHYSICAL DESCRIPTION
Extent xv, 310p;
Other physical details ill :
Dimensions 10 cm
504 ## - BIBLIOGRAPHY, ETC. NOTE
Bibliography, etc Includes index
650 ## - SUBJECT ADDED ENTRY--TOPICAL TERM
Topical term or geographic name as entry element Economy
9 (RLIN) 1048
942 ## - ADDED ENTRY ELEMENTS (KOHA)
Source of classification or shelving scheme Dewey Decimal Classification
Koha item type Short Loan
Holdings
Withdrawn status Lost status Source of classification or shelving scheme Damaged status Not for loan Home library Current library Date acquired Inventory number Total Checkouts Full call number Barcode Date last seen Price effective from Koha item type
    Dewey Decimal Classification     MUST Main Library MUST Main Library 13/05/2016 2002/16953   330 HOO 1948 2016-1862 13/05/2016 13/05/2016 Short Loan